[Event "FRA-ch Rapid"]
[Site "Asnieres sur Seine"]
[Date "2023.06.25"]
[Round "7"]
[White "Boyer, Mahel"]
[Black "Belenkaya, Dina"]
[Result "1-0"]
[WhiteElo "2501"]
[BlackElo "2322"]
[PlyCount "95"]
[EventDate "2023.06.25"]
[EventType "swiss (rapid)"]
[EventRounds "9"]
[EventCountry "FRA"]
[SourceTitle "CBM 214 Extra"]
[Source "ChessBase"]
[SourceDate "2023.07.31"]
[SourceVersion "1"]
[SourceVersionDate "2023.07.31"]
[SourceQuality "1"]

1. Nf3 Nf6 2. b3 d5 3. Bb2 Bf5 4. d3 Nbd7 5. Nbd2 e6 6. Nh4 Bg6 7. Nxg6 hxg6 8. g3 c6 9. Bg2 Bd6 10. 0-0 Qe7 11. a3 a5 12. c4 g5 13. Re1 g4 14. e4 dxe4 15. Nxe4 Nxe4 16. Rxe4 Nf6 17. Re1 Rd8 18. Qd2 Bc7 19. Rad1 Kf8 20. b4 Rh5 21. Bc3 Kg8 22. Qe2 Rg5 23. Qe3 Rh5 24. Qa7 axb4 25. axb4 Bd6 26. Qb6 Nh7 27. d4 Ng5 28. d5 cxd5 29. Rxd5 Nh3+ 30. Bxh3 Rxd5 31. cxd5 gxh3 32. dxe6 fxe6 33. Qe3 e5 34. Qe4 Rc8 35. Bd2 Qe6 36. Qxb7 Rc4 37. b5 e4 38. Qa6 Kh7 39. Qa2 Qf7 40. Qb3 Qd5 41. Ba5 Bc5 42. Qd1 Rd4 43. Qg4 Kg8 44. Qc8+ Kf7 45. Qxh3 Rd2 46. Bxd2 Qxd2 47. Qf5+ Kg8 48. Rxe4 1-0